| Tag |
First Indicator |
Second Indicator |
Subfields |
| LEADER |
00000cam a2200000Ka 4500 |
| 001 |
in00002550121 |
| 005 |
20151201120137.0 |
| 006 |
m f d |
| 007 |
cr unu|||||||| |
| 008 |
100427s2010 txu sbm 000 0 eng d |
| 035 |
|
|
|a (OCoLC)ocn609682385
|
| 035 |
|
|
|a (OCoLC)609682385
|
| 035 |
|
|
|a (TxCM)http://hdl.handle.net/1969.1/ETD-TAMU-1036
|
| 040 |
|
|
|a TXA
|c TXA
|d UtOrBLW
|
| 049 |
|
|
|a TXAM
|
| 099 |
|
|
|a 2006
|a Thesis
|a 1969.1/ETD-TAMU-1036
|
| 100 |
1 |
|
|a Ross, Trinette Noel.
|
| 245 |
1 |
0 |
|a Evaluation of bone biochemical markers and inflammatory markers in yearlings fed varying ratios of omega-6 and omega-3 polyunsaturated fatty acids /
|c by Trinette Noel Ross.
|
| 264 |
|
1 |
|a [College Station, Tex.] :
|b [Texas A&M University],
|c [2010]
|
| 300 |
|
|
|a 1 online resource.
|
| 336 |
|
|
|a text
|b txt
|2 rdacontent
|
| 337 |
|
|
|a computer
|b c
|2 rdamedia
|
| 338 |
|
|
|a online resource
|b cr
|2 rdacarrier
|
| 500 |
|
|
|a "Major Subject: Animal Science"
|
| 500 |
|
|
|a Title from author supplied metadata (automated record created 2010-03-12 12:08:51).
|
| 502 |
|
|
|b Master of Science
|c Texas A&M University
|d 2006
|o http://hdl.handle.net/1969.1/ETD-TAMU-1036
|
| 504 |
|
|
|a Includes bibliographical references.
|
| 516 |
|
|
|a Text (Thesis)
|
| 520 |
3 |
|
|a Diets formulated to contain varying ratios of omega 6 to omega 3 fatty acids were fed to exercising yearlings to evaluate bone activity and inflammatory response. Nine Quarter Horse yearlings were arranged within a triplicated 3 X 3 Latin Square experimental design and fed one of three diets. Exercise protocol was designed to stimulate sub-clinical inflammation and normal bone response. Body weight and physical growth measurements were not different between groups (P > 0.05), and feed intake was similar between groups (P > 0.05). Horses consuming soybean oil (SBO) diet had lower fatty acid profiles (% by weight) of C16:0 and C16:1 (P < 0.05) when compared to horses consuming either corn oil (CO) or menhaden/corn oil (MCO) diets. Though numerically different, percentage changes in C16:0 and C16:1 were not different between diets (P < 0.05). Horses consuming MCO had significantly higher measurements of C20:4, C20:5 and C22:6 over the 28 day period when compared to horses consuming SBO or CO. Percent change in mean concentrations of C20:5 were significantly different between the MCO group and the SBO group (P < 0.05) with no observed difference between MCO and CO treatment groups. Overall mean carboxyterminal telopeptide of type I collagen (ICTP) concentrations did not differ between diets (P > 0.05) nor was there a significant change from baseline values when compared to day 28 of the period. Mean Osteocalcin (OC) concentrations did not differ between treatments (P > 0.05). Numerically, OC levels were lower after 14 days, with subsequent increases occurring from day 14 to day 28; however, there was no significant day effect (P > 0.05). Mean measurements of PGE2 and fibrinogen, the two inflammation markers evaluated, did not differ among groups (P > 0.05). However, when fibrinogen data were normalized, horses consuming SBO had a significantly lower change in baseline values of fibrinogen compared to horses fed CO or MCO diets (P< 0.05). In general, horses fed SBO exhibited reduced levels of the inflammatory marker fibrinogen (P< 0.05). No other variable evaluated was influenced by the supplementation of varying ratios of polyunsaturated fatty acids into the equine diet.
|
| 500 |
|
|
|a Electronic resource.
|
| 650 |
|
4 |
|a Major animal science.
|
| 653 |
|
|
|a soybean oil
|
| 653 |
|
|
|a horse
|
| 653 |
|
|
|a menhaden oil
|
| 653 |
|
|
|a inflammation
|
| 653 |
|
|
|a bone markers
|
| 653 |
|
|
|a omega 3 fatty acids
|
| 653 |
|
|
|a omega 6 fatty acids
|
| 700 |
1 |
|
|a Potter, Gary D.,
|e thesis advisor.
|
| 700 |
1 |
|
|a Gibbs, Pete G.,
|e thesis advisor.
|
| 856 |
4 |
0 |
|u http://hdl.handle.net/1969.1/ETD-TAMU-1036
|z Link to OAK Trust copy
|t 0
|
| 948 |
|
|
|a cataloged
|b h
|c 2010/4/27
|d c
|e jhennen
|f 2:50:14 pm
|
| 994 |
|
|
|a C0
|b TXA
|
| 999 |
|
|
|a MARS
|
| 999 |
f |
f |
|s 6b2cf5aa-4fb7-302b-81c5-ae1dc1fc0051
|i e98c30de-edcc-3ee3-a0c6-9c1523d80968
|t 0
|
| 952 |
f |
f |
|a Texas A&M University
|b College Station
|c Electronic Resources
|d Available Online
|t 0
|e 2006 Thesis 1969.1/ETD-TAMU-1036
|h Other scheme
|
| 998 |
f |
f |
|a 2006 Thesis 1969.1/ETD-TAMU-1036
|t 0
|l Available Online
|